ye Tracklist - Statistics

General Stats
  • This quiz has been taken 50 times
  • The average score is 7 of 7
Answer Stats
# Answer Streams Artist(s) % Correct
7 Violent Crimes 932,247,065 Kanye West
100%
6 Ghost Town 761,490,991 Kanye West ft. PARTYNEXTDOOR
98%
1 I Thought About Killing You 123,330,768 Kanye West
95%
5 No Mistakes 130,495,288 Kanye West
95%
3 All Mine 579,660,377 Kanye West
90%
4 Wouldn't Leave 134,842,038 Kanye West ft. PARTYNEXTDOOR
88%
2 Yikes 251,157,431 Kanye West
88%
No matching quizzes found
Score Distribution
Percent of People with Each Score
Percentile by Number Answered
Your Score History
You have not taken this quiz